|
|
|
|
| LEADER |
00000naa2a2200000 4500 |
| 001 |
428374 |
| 005 |
20231101074827.0 |
| 035 |
|
|
|a (RuTPU)RU\TPU\prd\87913
|
| 035 |
|
|
|a RU\TPU\prd\11648
|
| 090 |
|
|
|a 428374
|
| 100 |
|
|
|a 20101012a2003 k y0rusy50 ca
|
| 101 |
0 |
|
|a rus
|
| 102 |
|
|
|a RU
|
| 200 |
1 |
|
|a Оценка степени опасности усталостных трещин при акустико-эмиссионном контроле литых деталей тележки грузового вагона
|f В. В. Муравьев, Л. Н. Степанова, А. Н. Кареев
|
| 225 |
1 |
|
|a Акустические методы
|
| 320 |
|
|
|a Библиогр.: 2 назв.
|
| 461 |
|
1 |
|0 (RuTPU)RU\TPU\prd\151
|t Дефектоскопия
|d 1965-
|
| 463 |
|
1 |
|0 (RuTPU)RU\TPU\prd\87907
|t № 1
|v С. 63-68
|d 2003
|
| 610 |
1 |
|
|a усталостные трещины
|
| 610 |
1 |
|
|a акустико-эмиссионный контроль
|
| 610 |
1 |
|
|a литые детали
|
| 610 |
1 |
|
|a грузовые вагоны
|
| 610 |
1 |
|
|a детали тележки
|
| 610 |
1 |
|
|a оценка
|
| 610 |
1 |
|
|a опасность
|
| 610 |
1 |
|
|a статистические зависимости
|
| 610 |
1 |
|
|a дефекты
|
| 675 |
|
|
|a 621.37:620.179.17
|v 3
|
| 700 |
|
1 |
|a Муравьев
|b В. В.
|
| 701 |
|
1 |
|a Степанова
|b Л. Н.
|
| 701 |
|
1 |
|a Кареев
|b А. Н.
|
| 801 |
|
1 |
|a RU
|b 63413507
|c 20030319
|g PSBO
|
| 801 |
|
2 |
|a RU
|b 63413507
|c 20131016
|g RCR
|
| 942 |
|
|
|c BK
|